Normal view
MARC view
- Thrity Umrigar
Entry Personal Name
001 - CONTROL NUMBER
- control field: 27774
003 - CONTROL NUMBER IDENTIFIER
- control field: NUST
005 - DATE AND TIME OF LATEST TRANSACTION
- control field: 20200120161604.0
008 - FIXED-LENGTH DATA ELEMENTS
- fixed length control field: 200120|| aca||aabn | a|a d
040 ## - CATALOGING SOURCE
- Original cataloging agency: NUST
- Transcribing agency: NUST
100 ## - HEADING--PERSONAL NAME
- Personal name: Thrity Umrigar
670 ## - SOURCE DATA FOUND
- Source citation: Work cat.: (NUST): Thrity Umrigar, The Space Between Us:, c2005
